| 000 | 00424nam a2200145 a 4500 | ||
|---|---|---|---|
| 001 | 000033038 | ||
| 005 | 20200930070004.0 | ||
| 008 | 110808s1965 dr 000 0 spa d | ||
| 040 |
_aDO-SdBNP _bspa _cBNPHU |
||
| 100 | 1 |
_aFeliz, Guido _922907 |
|
| 245 | 1 | 3 |
_aEl Judas de Bosch / _cGuido Feliz ; prólogo Marino González. |
| 260 |
_aSanto Domingo : _bEditora del Caribe, _c1965. |
||
| 300 |
_a102 p. ; _c20 cm. |
||
| 049 | _aBNPD | ||
| 999 |
_c32529 _d32529 |
||